[Event "Moscow op-E"]
[Site "Moscow"]
[Date "2011.02.02"]
[Round "5"]
[White "Wan, Yunguo"]
[Black "Tiviakov, Sergei"]
[Result "0-1"]
[WhiteElo "2469"]
[BlackElo "2623"]
[Annotator "Tiviakov,S"]
[PlyCount "104"]
[EventDate "2011.01.29"]
[EventType "swiss"]
[EventRounds "9"]
[EventCountry "RUS"]
[SourceTitle "CBM 140 Extra"]
[Source "ChessBase"]
[SourceDate "2011.03.01"]
[SourceVersion "1"]
[SourceVersionDate "2011.03.01"]
[SourceQuality "1"]

{This game from the 5th round of the Moscow open was extremely important for
me. After my bad start, incl. a draw against a 2212 cheater, a very weak
player using external help during our game, I had to win all my remaining 5
games to get a money prize in the tournament. Because of the huge number of
participants and the prizes being individually awarded according to Buchholz I
had a very bad tie-break (I made 3 draws at the beginning of the tournament).} 
1. e4 d5 {Nowadays the Scandinavian Defence remains my main answer to 1.e4. At
the tournament in Moscow it again served me well bringing me 2.5 points incl.
the present game and the last round win against E.Sveshnikov.} 2. exd5 Qxd5 3.
Nc3 Qd6 4. d4 Nf6 5. Nf3 c6 6. Ne5 Nbd7 7. f4 {This is the most
straight-forward approach to 'refute' the Scandinavian Defence, mostly used by
Shirov. After his successful use of it against the author of these lines, this
movehas gained extra popularity and brought the author several important
points. Against Shirov you can lose any kind of position, good or bad, if it
is sharp. But the result doesn't say anything about the position itself. I
strongly believe that the plan with f2-f4 and g2-g4 is not positionally sound
and if Black is able to survive the direct assault then he is always better.
The present game illustrates my point very well, as does my recent game
against Sergio Barrientos at the Bogota Open in December 2010. The positions
arising after 7.f4 are too complex to analyse properly in great depth and both
sides have lot of possibilities to deviate on almost each move.} Nb6 8. g4 Nbd5
(8... Be6 {is an option to the text, played by me once against Shirov and
recently against S. Barrientos.}) 9. Bg2 ({After} 9. g5 Nxc3 10. bxc3 Qd5 11.
Rg1 Nd7 12. Bc4 Qe4+ 13. Qe2 Qxe2+ 14. Kxe2 e6 {the resulting ending is very
close to equality.} ({or} 14... Nxe5 15. fxe5 g6 {with good play for Black.}))
(9. Bc4 Be6 10. g5 $2 {is bad for White because of} Nxc3 11. bxc3 Bxc4 12. gxf6
gxf6 13. Nxc4 Qd5 14. Kf2 Qxc4 $17 {as in Kodentsov - Tiviakov, Waalwijk 
(rapid) 2007}) 9... g6 (9... Nxc3 10. bxc3 g6 11. g5 {leads us to the same
position as 9...g6.}) 10. g5 (10. Nxd5 Nxd5 11. c4 Nc7 12. c5 Qd8 13. Qb3 Nd5
$13 {is unclear since White doesn't have the possibility to prevent Black from
finishing his development.}) 10... Nxc3 11. bxc3 {This position already stood
on my computer during the preparation for the game against Shirov. Not having
enough time to deeply check the subsequent positions I made a normal-looking
move 11...Nd5 which is losing. It takes a lot of time for the computer engine
to find the winning 14.d5. Bad preparation at home which cost me a point
without any play! :-( Strangely enough that loss to Shirov was awarded the
best game prize at the Hoogeveen tournament - blunder rewarded!} Nd7 $146 ({
Of course, 3 months later I was better prepared and quickly made the correct
text move 11...Nd7.} 11... Nd5 $2 12. c4 Nc7 13. c5 Qd8 14. d5 $16 cxd5 15. c4
e6 16. Bb2 Bg7 17. Nc6 bxc6 18. Bxg7 Rg8 19. Be5 Bd7 20. O-O Rb8 21. Qa4 Rb7
22. Rab1 Qc8 23. Rxb7 Qxb7 24. Rf2 d4 25. Qa5 Kd8 26. Be4 {1-0 Shirov,
A-Tiviakov,S/Hoogeveen 2010/The Week in Chess 834 (26)}) (11... Nh5 $5 {
deserves serious attention as well.}) 12. O-O {11...Nd7 came as a complete
surprise for my opponent - a young Chinese player. Probably, he was not
expecting me to repeat a 'losing' line which cost me a point against Shirov
earlier. He started thinking...} h6 ({The engine's recommendation, undermining
White's weak pawn structure on the kingside. Black doesn't have time to play} 
12... Bg7 $6 {immediately as White can develop a dangerous initiative quickly,
pushing f4-f5. For example} 13. Nc4 Qc7 ({worse is} 13... Qe6 14. Ne3 $1 (14.
d5 cxd5 15. Bxd5 Qa6 $13) 14... Nb6 (14... Qd6 15. f5 $36) (14... h6 15. f5 $36
) 15. f5 Qd6 16. f6 exf6 17. gxf6 Bxf6 18. Qf3 Be7 19. Qxf7+ Kd8 20. Qg7 Re8
21. Qxh7 $16 {with advantage for White}) 14. f5 $1 gxf5 15. Qe2 ({worse is} 15.
Bf4 Qd8 16. Qe2 (16. Qe1 O-O 17. Qg3 Nb6 18. Bc7 Qe8 19. Nxb6 axb6 20. Bxb6 f6
$11 (20... Be6 $5)) 16... O-O 17. Rae1 Nb6 18. Nxb6 axb6 19. Qxe7 Rxa2 20. Qxd8
Rxd8 21. Bc7 Rf8 22. Bd6 Rd8 23. Bc7 Rf8 $11 {with a draw.}) 15... Nb6 16. Bf4
Qd8 (16... Qd7 17. Nd6+ Kf8 18. Rae1 $16) 17. Nd6+ Kf8 18. Rae1 $44 {with
excellent compensation for the pawn.}) ({But} 12... Nxe5 13. fxe5 Qc7 14. Qf3 (
14. Bf4 Be6) 14... Bf5 $11 {is playable and can be an option to choose if
White later finds something in the line after 12...h6. E.g.} 15. Rb1 Rc8 {
with good play.} ({or} 15... Rd8 $5)) 13. Qe2 $6 ({And immediately my opponent
makes not the best move, but a natural move, which bringis him into trouble.
Indeed, very often it takes only 1 mistake in a sharp position to find
yourself on the verge of losing. The following variations demonstrate the
hidden secrets of the position:} 13. Ng4 Nb6 $11) (13. h4 hxg5 14. hxg5 Nxe5
15. fxe5 Qc7 $15) (13. Re1 hxg5 14. fxg5 Nxe5 15. Bf4 Bg7 16. Bxe5 Bxe5 17.
Rxe5 $15) (13. Qf3 $5 {is, probably, the strongest move in the position,
connected with the idea to sacrifice the knight on f7 if Black takes on g5.
But even after it White is struggling for equality after} Bg7 $11 (13... hxg5
14. Nxf7 $1 Kxf7 15. fxg5+ Ke8 16. Bf4 (16. Qf7+ Kd8 17. Bf4 $44) 16... e5 17.
Rae1 Bg7 18. Bxe5 Bxe5 19. Qf7+ Kd8 20. dxe5 $44 {with compensation for a
piece.})) (13. Nc4 Qc7 14. Qe2 (14. gxh6 Bxh6 $15 (14... Nf6 $15)) 14... hxg5
$15) 13... hxg5 ({Now Black can take on g5 since the sacrifice on f7 is not
dangerous anymore because the queen is not able to penetrate to the square f7.
Other moves give a n initiative to White since the queen on e2 is dangerous
for Black since it is attacking the pawn e7.} 13... Bg7 14. Nc4 Qc7 15. Ba3 $36
) (13... Nb6 14. a4 $36 (14. c4 $5 Qxd4+ 15. Be3 Qd8 16. Rad1 $44)) 14. fxg5 (
14. Nxf7 Kxf7 15. fxg5+ Ke8 16. Bf4 e5 17. Rae1 (17. dxe5 Qe6 $17 {/\Be7})
17... Be7 18. dxe5 Qc5+ 19. Kh1 Nf8 $17 {is bad for White. Correctly during
the game my opponent didn't go for it although it was visible that he took lot
of time calculating the consequences of the sacrifice on f7.}) 14... Nxe5 {
Now White is struggling for equality, he is left with a weak king and pawns.}
15. Bf4 ({Other moves are simply bad.} 15. Qxe5 Qxe5 16. dxe5 Bf5 $17) (15.
dxe5 Qc5+ $17 (15... Qe6 $15)) 15... Bg7 16. Rae1 (16. dxe5 Qc5+ $17) 16... Bf5
$5 (16... Be6 {was a worthy alternative to the text, but during the game I
couldn't make it work since Black is not able to win the pawn. The game is
almost by force going into a rook ending which I assessed as close to a draw.}
17. Bxe5 Bxe5 18. Qxe5 Qxe5 19. Rxe5 Bxa2 20. Rfe1 e6 21. Ra5 Bd5 22. Bxd5 cxd5
23. Rxd5 $15) 17. Qf2 ({Now the exchanges on e5 are in Black's favour since
White is not able to defend both c2 and g5 pawns after} 17. Bxe5 Bxe5 18. Qxe5
Qxe5 19. Rxe5 e6 $17 {with huge advantage for Black. White has to keep queens
on the board!} (19... Bxc2 20. d5 $11 {is only equal})) 17... Qa3 $6 ({A
mistake allowing White to save the game. After the correct} 17... Rh5 $5 18.
Qg3 O-O-O 19. Bxe5 Bxe5 20. Rxe5 Rdh8 $17 {Black keeps a huge advantage.}) 18.
Bxe5 Bxe5 19. Rxe5 Qxc3 ({After} 19... Qxa2 20. d5 $15 {White also escapes.})
20. Rc5 $1 ({The natural} 20. Rb1 b6 (20... O-O 21. Rxb7 $13) 21. Re3 Qc4 22.
Qe2 Qxe2 23. Bxc6+ Kd8 24. Rxe2 Rc8 $17 {is bad for White. From now on my
opponent starts to playwell and almost saves the game.}) 20... Qb2 (20... Qa3
21. Rxc6 O-O 22. Rc5 $13 {is similar to the game - unclear, but I wanted to
have my queen on b2 where not only it attacks all white pawns but also defends
its own pawn b7.} (22. Rc7 Rac8 23. Rxb7 Rxc2 24. Qf3 Qd6 $17 {is not good for
White.})) 21. Rxc6 O-O 22. Rc5 ({After} 22. Rc7 Rac8 23. Rxb7 Qxa2 $36 {
Black, besides his passed a-pawn, also has a strong initiative.} (23... Qa3 24.
Qg3 Rc3 $36 {is an option.})) 22... Rac8 23. c4 ({In comparison with the
following line the pawn on c4 stands better since it can be defended by the
bishop there.} 23. c3 Qxf2+ 24. Rxf2 Rxc5 25. dxc5 Rc8 $15) 23... Qxf2+ $1 ({
It took me a huge amount of time to make a decision to exchange the queens
here. My opponent was short on time and obviously I wanted to keep queens on
the board, but during the game I was not able to find anything for myself with
keeping the queens on the board - White exchanges the rooks on c8 and plays c5
with equal chances.} 23... Qc3 24. Rxc8 Rxc8 25. c5 $11) (23... Qb4 24. Rxc8
Rxc8 25. c5 $11 {So I decided to play objectively and make the strongest move
- exchanging the queens.}) 24. Rxf2 Rxc5 (24... b6 25. Rxc8 Rxc8 26. Bf1 $11 {
promises nothing for Black.}) 25. dxc5 Rc8 26. Rb2 Rxc5 27. Rxb7 a6 $1 $15 {
Luckily when thinking about my 23rd move I was able to find this strong move
leaving Black with some winning chances. It is important to keep the a-pawn
alive putting it on a6, not on a5 since White then has Rb7-b5 with an easy
draw!} 28. Rxe7 ({Stronger than} 28. Bf1 Be6 29. h4 (29. Rxe7 Rxg5+ $17) 29...
Bxc4 $15) 28... Be6 29. Bd5 Bxd5 30. Re5 $1 (30. cxd5 Rxd5 31. h4 Rd4 $17 {
is not good for White}) 30... Rxc4 31. Rxd5 Rc1+ 32. Kg2 Rc2+ 33. Kg3 Rxa2 34.
Rd8+ $1 Kg7 35. Ra8 Ra3+ 36. Kg4 a5 37. h4 Ra1 38. Kg3 a4 39. Kg2 $6 ({Until
this moment my opponent was playing quite well, having been able to save the
difficult position which had arisen from the opening. And when there is
already a theoretical draw he starts to make inaccurate moves, probably,
thinking that he would get a draw by making just any moves.} 39. Ra7 a3 40. Kg2
$11 {was the most simple. Black is not able to free his king from the defence
of the pawn f7. The only remaining chance lies in the move a3-a2 but then it
is a very easy draw after} a2 41. Kh2 Kf8 42. Kg2 Ke8 43. Kh2 Kd8 44. Kg2 Kc8
45. Kh2 Kb8 46. Ra4 Kc7 47. Kg2 Kd6 48. Kh2 Ke5 49. Kg2 Kf5 50. Kh2 Rf1 51.
Rxa2 Kg4 52. Ra4+ Rf4 53. Rxf4+ Kxf4 54. Kh3 Kf3 55. h5 gxh5 56. Kh4 $11) 39...
f5 $1 {[Black uses his chances, exchanging one of his pawns, but activating
his king.]} 40. gxf6+ (40. Ra7+ Kf8 41. Ra8+ Ke7 42. Ra7+ Ke6 43. Ra6+ Ke5 44.
h5 gxh5 45. g6 Rd1 $15 {would give White lot of technical difficulties and
suffering in the drawish h- and f-pawn rook ending.}) 40... Kxf6 41. Ra5 a3 42.
Kh2 Ke6 43. Kg2 Ra2+ 44. Kg3 Ra1 45. Kg2 Kd6 46. Ra6+ Kc5 47. Rxg6 Rc1 48. Ra6
Kb4 49. h5 $4 ({A losing move. White still could have made a draw after any of
the following moves (according to tablebases).} 49. Kh3 $8 $11) (49. Kg3 $8 $11
) (49. Kf3 $8 $11) 49... Rc2+ $1 50. Kg3 a2 {Now White is not able to hide his
king away from the checks on c3 or c5, followed by the transfer of the rook to
the a-file. Black wins.} 51. h6 (51. Rxa2 {doesn't save White either since
Black king on b4 is close enough to the square f8.} Rxa2 52. Kf4 Kc5 53. h6 Kd6
54. Kf5 Ke7 55. Kg6 Kf8 $19) (51. Kg4 Rc4+ 52. Kf5 Rc5+ $19 {/\Ra5}) 51... Rc3+
52. Kg2 Ra3 {And here White resigned. This is a very useful game to understand
that the knowledge of the simple endings is essential in modern-age chess. Not
knowing how to play endings can cost you lot of points even in the simpliest
positions! After this game I was able to win my remaining 4 games and finally
end thea tournament with a good result 7.5 out of 9 and a tie for the 2nd-9th
place.} 0-1

[Event "Amsterdam ACT op 3rd"]
[Site "Amsterdam"]
[Date "2006.07.19"]
[Round "5"]
[White "Al Modiahki, Mohamad"]
[Black "Tiviakov, Sergei"]
[Result "0-1"]
[WhiteElo "2564"]
[BlackElo "2668"]
[Annotator "Tiviakov,S"]
[PlyCount "58"]
[EventDate "2006.07.15"]
[EventType "swiss"]
[EventRounds "9"]
[EventCountry "NED"]
[SourceTitle "CBM 113 Extra"]
[Source "ChessBase"]
[SourceDate "2006.09.14"]
[SourceVersion "1"]
[SourceVersionDate "2006.09.14"]
[SourceQuality "1"]

1. e4 d5 2. exd5 Qxd5 3. Nc3 Qd6 4. d4 Nf6 5. Nf3 a6 6. g3 Bg4 7. Bg2 c6 8. Bf4
Qd8 9. h3 Bxf3 10. Qxf3 (10. Bxf3 e6 $11) 10... Qxd4 $5 $146 (10... e6 11.
O-O-O Be7 12. g4 Nbd7 13. Kb1 Nd5 14. Nxd5 cxd5 15. c4 Nb6 16. c5 Nc4 17. Bf1
Na5 18. Qg3 Bh4 19. Qe3 h6 20. Be5 Bf6 21. Bxf6 Qxf6 22. f4 Nc6 23. g5 Qe7 24.
h4 g6 25. Rh3 O-O-O 26. Be2 hxg5 27. fxg5 e5 {1/2-1/2 Svidler,P-Tiviakov,S/
Turin ITA 2006/CT-2028 (27)}) 11. O-O (11. Be3 $5 Qd8 12. O-O Nbd7 13. Rad1 (
13. Ne4 $5) 13... e6 14. Ne4 Nxe4 15. Qxe4 $44) (11. Rd1 Qb6 12. O-O e6 {
- 11.0-0}) 11... e6 12. Rad1 (12. Rfd1 Qb6 13. Be3 (13. Na4 $5) 13... Qc7 (
13... Qa5 $5) 14. Ne4 $5 (14. Bf4 Qb6 $11) 14... Nxe4 15. Qxe4 Nd7 16. Bd4 $44)
(12. Bc7 Nbd7 13. Rfd1 Qc5 14. Qd3 $5 $44) 12... Qb6 13. Na4 (13. Be3 $5) (13.
Rd2 $5) 13... Qb5 (13... Qb4 14. b3 Nbd7 15. Bd2 Qa3 16. Bc3 $44) 14. b3 (14.
Nc3 $5 Qb6 15. Na4 Qb5 $11 (15... Qb4 {- 13...Qb4})) 14... Nbd7 15. c4 (15. g4
h6 16. h4 O-O-O $5 $15) 15... Qa5 16. g4 (16. Rd3 $5) 16... h6 17. Qg3 (17. h4
O-O-O $5 $15) 17... Rc8 18. Qe3 $1 (18. Rd3 Bb4 19. Rfd1 b5 $17) 18... Ra8 (
18... b5 19. Qa7 $1 bxa4 20. Qb7 Qd8 21. Bxc6 $44) 19. Qg3 Be7 $5 (19... Rc8
$11) (19... Qd8 20. Bc7 Qc8 21. Rd3 Be7 22. Rfd1 $44) 20. Bc7 Qb4 21. Rd4 (21.
Rd3 O-O 22. Rfd1 Nc5 $15) 21... O-O 22. Rfd1 Nc5 23. Nb6 $6 (23. Bd6 $142 Bxd6
24. Qxd6 Nfd7 (24... e5 25. R4d2 Nfd7 26. Nxc5 Nxc5 27. Qxe5 $15) 25. g5 e5 26.
Rg4 hxg5 27. Rxg5 f6 $15) 23... Rae8 (23... e5 $5 24. Qxe5 Rae8 25. Qg3 (25.
Qh2 Ne6 26. R4d2 Nxc7 27. Qxc7 {- 25.Qg3}) 25... Ne6 26. R4d2 Nxc7 27. Qxc7 Qa5
$1 $17) 24. f4 (24. Qe5 a5 $17 {/\Na6}) 24... Nce4 $3 (24... a5 $15) 25. Bxe4 (
25. Rxe4 Nxe4 26. Bxe4 Bc5+ 27. Kh1 Bxb6 28. Bd6 Qa5 29. Bxf8 Kxf8 $17) 25...
Bc5 26. a3 $6 (26. Kg2 Bxd4 (26... Nxe4 $2 27. Rxe4 Bxb6 28. Bd6 $16) (26...
Bxb6 $6 27. a3 $14) 27. Rxd4 c5 (27... Nxe4 28. Rxe4 Re7 29. f5 e5 30. Bxe5
Qxb6 31. g5 Qa5 $17) 28. g5 Nh5 29. Qf3 cxd4 30. Qxh5 Qd2+ 31. Kf1 Qc1+ $19) (
26. Bc2 Rd8 (26... Bxb6 27. Bxb6 Qxb6 28. g5 Nh5 29. Qf3 g6 30. gxh6 Rd8 31.
Qe3 Rxd4 32. Rxd4 $13) 27. Qe3 Rxd4 28. Rxd4 Ne8 29. Bd8 Bxb6 30. Bxb6 Qxb6 $17
) (26. Qe3 Bxb6 27. Bxb6 Qxb6 $17) 26... Qxa3 $19 27. Bc2 (27. Qe3 Nxe4 28.
Qxe4 Qxb3 $19) (27. Bf3 Rd8 $19) 27... Rd8 $1 28. Bxd8 Rxd8 29. Kg2 Rxd4 0-1

[Event "Moscow op-A"]
[Site "Moscow"]
[Date "2009.02.07"]
[Round "8"]
[White "Inarkiev, Ernesto"]
[Black "Tiviakov, Sergei"]
[Result "1/2-1/2"]
[WhiteElo "2656"]
[BlackElo "2685"]
[Annotator "Tiviakov,S"]
[PlyCount "40"]
[EventDate "2009.01.31"]
[EventType "swiss"]
[EventRounds "9"]
[EventCountry "RUS"]
[SourceTitle "CBM 128 Extra"]
[Source "ChessBase"]
[SourceDate "2009.03.05"]
[SourceVersion "2"]
[SourceVersionDate "2009.03.25"]
[SourceQuality "1"]

1. e4 d5 2. exd5 Qxd5 3. Nc3 Qd6 4. d4 Nf6 5. Nf3 c6 6. h3 Bf5 7. Bd3 Bxd3 8.
Qxd3 Nbd7 9. Bg5 e6 (9... g6 $5 10. O-O-O Bg7 11. Rhe1 O-O $14 12. Kb1 Rfe8 13.
Ne4 Qc7 14. Qd2 Rad8 15. Nxf6+ Nxf6 16. Bh6 Bh8 17. Bf4 Qb6 18. Be5 Rd7 19. c4
Qa6 20. Qc2 Red8 21. Rc1 Bg7 22. Re3 b6 23. g4 Qb7 24. Qe2 e6 25. Rb3 Qc8 26.
Qe3 c5 27. Qf4 Ne8 28. Bxg7 Nxg7 29. Ne5 Qc7 30. dxc5 bxc5 31. Rf3 Re7 32. Re1
Ne8 33. Qe4 Rd4 34. Qa8 Qd6 35. a3 Kg7 36. g5 Rd2 37. Qe4 Qb8 38. Nd3 Rb7 39.
Qe5+ Qxe5 40. Rxe5 Rb3 41. Ree3 Nd6 42. Ka2 Rb6 43. Rf4 e5 44. Rf6 Nxc4 45.
Ref3 Rb7 46. Ka1 e4 {0-1 Hendriks,W-Tiviakov,S/Trieste ITA 2007/The Week in
Chess 670 (46)}) 10. O-O-O (10. Bh4 Qc7 11. Bg3 Bd6 12. Bxd6 Qxd6 $11 13. Qe2
Qb4 14. Rb1 Rd8 15. O-O O-O 16. Rfd1 Nb6 17. a3 Qa5 18. Ne5 Nbd5 19. Nxd5 Qxd5
20. Rd3 Qe4 21. Qd2 Qh4 22. Nf3 Qh5 23. Re1 Qb5 24. b3 Qb6 25. Re5 Rd5 26. c4
Rxe5 27. Nxe5 c5 28. dxc5 Qxc5 29. Nd7 Nxd7 30. Rxd7 {1/2-1/2 Endler,
B-Christensen,H/Marianske Lazne CZE 2009/The Week in Chess 742 (30)}) 10... Be7
11. Kb1 (11. Rhe1 O-O (11... O-O-O $5 12. Ne5 $140 Nxe5 $11) 12. Ne5 Nb6 13.
Bxf6 Bxf6 14. Ne4 Qd8 15. f4 Rc8 16. h4 Nd5 17. Kb1 b5 18. g3 Be7 19. Ng5 g6
20. c3 Nb6 21. Ngf3 Qd5 22. h5 f6 23. hxg6 fxe5 24. gxh7+ Kh8 25. Nxe5 Bf6 26.
Ng6+ Kg7 27. g4 Kf7 28. Nxf8 Rxf8 29. f5 exf5 30. Rf1 Qe4 31. Qxe4 fxe4 32.
Rxf6+ {1-0 Slobodjan Roman (GER)-Muse Drazen (CRO)/Germany 2006 (32)}) 11...
O-O-O $146 (11... b5 12. Rhe1 O-O $14 13. Bxf6 Nxf6 14. Ne5 a5 15. Ne4 Nxe4 16.
Qxe4 Rfc8 17. Rd3 Qd5 18. Rf3 f5 19. Qe2 Bf6 20. Re3 Re8 21. c3 b4 22. c4 Qd6
23. Nf3 Kf7 24. g4 fxg4 25. hxg4 Rad8 26. Re4 h6 27. g5 hxg5 28. Qe3 Qe7 29.
Rg1 Rh8 30. Nxg5+ Bxg5 31. Rxg5 a4 32. Rf5+ Kg8 33. Rxe6 Rh1+ 34. Kc2 b3+ 35.
axb3 axb3+ 36. Kc3 Qd7 37. Rfe5 Rh3 38. Re8+ Kh7 39. f3 Rxe8 40. Rxe8 Qf5 41.
Qe4 Rxf3+ 42. Kb4 Qxe4 43. Rxe4 g5 44. Re2 Kg6 45. Kc5 Rd3 46. Kxc6 Rxd4 47. c5
g4 48. Kb5 Rd1 49. c6 Rc1 50. Kb6 Rc2 51. c7 Rxe2 52. c8=Q Kg5 53. Qc7 Re3 54.
Qc1 Kf4 55. Kc5 Ke4 56. Qb1+ Kf4 57. Kd4 Rf3 58. Qe1 Rh3 59. Qe5+ Kf3 60. Qf5+
Kg3 61. Qg5 Kf3 62. Qe3+ Kg2 63. Qe2+ Kg3 64. Ke4 Kh4 65. Kf4 Rf3+ 66. Qxf3
gxf3 67. Kxf3 Kg5 68. Ke4 Kf6 69. Kd5 Ke7 70. Kc4 Kd6 71. Kxb3 Kc5 72. Ka4 Kc6
73. Ka5 Kb7 74. Kb5 Ka7 75. Kc6 Ka6 76. b4 Ka7 77. b5 Ka8 78. Kc7 {1-0
Heidenfeld,M-Johansson,T/Cork 2005/CBM 105 ext (78)}) 12. Bh4 Qc7 (12... Qb4
13. Bg3 $36 {/^h2-b8}) 13. Qe2 (13. Ng5 Rdf8 14. Bg3 (14. Qe2 $5) 14... Bd6 15.
Bxd6 Qxd6 $11) (13. Bg3 Bd6 14. Bxd6 Qxd6 $11) 13... Rde8 $5 (13... Rhe8 $2 14.
Ng5 Nd5 15. Nxd5 exd5 16. Qg4 $16 {׻}) (13... Rhf8 $5) (13... h6 14. Ne5 (14.
Bg3 Bd6 15. Ne5 (15. Bxd6 Qxd6 16. Ne5 Rhf8) 15... Rhf8) 14... Rhf8 15. Nc4 $1
$14 {/\Bg3}) 14. Bg3 (14. Ne5 Nd5 15. Nxd5 exd5 $11) 14... Bd6 15. Ne5 Rhf8 (
15... Re7 $5) 16. Rd3 (16. Nxd7 Qxd7 17. Be5 $14) 16... Kb8 17. Rhd1 (17. Nxd7+
Qxd7 18. Be5 $14) 17... Nb6 $11 18. a3 Ka8 (18... g6 $5) 19. h4 (19. Na2 Nfd5
$5 20. c4 f6 21. c5 (21. cxd5 exd5 22. Re1 (22. f4 g5 $1 $15) 22... fxe5 23.
dxe5 Nc4 $13) 21... fxe5 22. cxd6 Qxd6 $13) 19... g6 $5 (19... Nbd5) 20. Bh2 (
20. Qf3 Nh5 21. Ne4 Nxg3 $11) 20... Nbd5 $11 {[21.Nxd5 exd5=; 21...cxd5!?; 21.
Na4 Nh5 /\f6]} 1/2-1/2